000 00538nam a22002057a 4500
003 OSt
005 20140310182826.0
008 130528t xxu||||| |||| 00| 0 eng d
020 _a0135457319
050 _aHC 51
_b.H466 1980
082 _aM 330.9
_bH36 1980
245 _aThe making of economic society /
_cHeilbroner, Robert L.
250 _a3rd ed.
260 _aEnglewood Cliffs, N.J.
_bPrentice-Hall
_c1970
521 _acollege students
526 _c1210L-1700L
541 _j1
562 _e1
942 _2lcc
_cBK
_kM
999 _c16486
_d16486